Napaskiak : (Record no. 28614)
[ view plain ]
| 000 -LEADER | |
|---|---|
| fixed length control field | 00682cam a22002412 4500 |
| 001 - CONTROL NUMBER | |
| control field | 28614 |
| 003 - CONTROL NUMBER IDENTIFIER | |
| rucl marc code | BD-RjUL |
| 005 - DATE AND TIME OF LATEST TRANSACTION | |
| control field | 20211209051315.0 |
| 008 - FIXED-LENGTH DATA ELEMENTS--GENERAL INFORMATION | |
| fixed length control field | 140331t1963 azu b 001 0 eng d |
| 035 ## - SYSTEM CONTROL NUMBER | |
| System control number | (BD-RjUL)28695 |
| 040 ## - CATALOGING SOURCE | |
| Original cataloging agency | WSU |
| Transcribing agency | WSU |
| Modifying agency | OCL |
| -- | EQO |
| -- | BD-RjUL |
| Language of cataloging | eng |
| 041 ## - LANGUAGE CODE | |
| Language code of text/sound track or separate title | eng |
| 082 04 - DEWEY DECIMAL CLASSIFICATION NUMBER | |
| Classification number | 998 |
| Author mark and year | OSN 1963 |
| 090 ## - LOCALLY ASSIGNED LC-TYPE CALL NUMBER (OCLC); LOCAL CALL NUMBER (OCLC) | |
| Classification number (OCLC) (R) ; Classification number, CALL (RLIN) (NR) | F914.N3 |
| Local cutter number (OCLC) ; Book number/undivided call number, CALL (RLIN) | O7 |
| 100 1# - MAIN ENTRY--PERSONAL NAME | |
| Personal name | Oswalt, Wendell H. |
| 9 (RLIN) | 87603 |
| 245 10 - TITLE STATEMENT | |
| Title | Napaskiak : |
| Remainder of title | An Alaskan eskimo Community / |
| 260 ## - PUBLICATION, DISTRIBUTION, ETC. (IMPRINT) | |
| Place of publication, distribution, etc. | Tucson : |
| Name of publisher, distributor, etc. | University of Arizona Press, |
| Date of publication, distribution, etc. | 1963. |
| 300 ## - PHYSICAL DESCRIPTION | |
| Pagination | 178 p. ; |
| Size | 24 cm. |
| 504 ## - BIBLIOGRAPHY, ETC. NOTE | |
| Bibliography, etc | includes Bibliographical reference and index. |
| 651 #0 - SUBJECT ADDED ENTRY--GEOGRAPHIC NAME | |
| Geographic name | Napaskiak (Alaska) |
| 9 (RLIN) | 87604 |
| 942 ## - ADDED ENTRY ELEMENTS (KOHA) | |
| Source of classification or shelving scheme | Dewey Decimal Classification |
| Koha item type | Books |
| Lost status | Source of classification or shelving scheme | Damaged status | Not for loan | Collection code | Permanent Location | Current Location | Shelving location | Date acquired | Source of acquisition | Total Checkouts | Full call number | Date last seen | Copy number | Koha item type |
|---|---|---|---|---|---|---|---|---|---|---|---|---|---|---|
| Dewey Decimal Classification | Added to bundle | Non-fiction | Central Library, University of Rajshahi | Central Library, University of Rajshahi | Reading Room | 20/06/1966 | Asia Fundation | 998 OSN 1963 | 31/03/2014 | C-1 | Books |